01330nam a2200217 i 450000100060000000300090000600500170001500700030003200800410003524501570007626000720023330000220030550504900032770000310081770000340084870000350088270000380091785200200095599900170097595201200099263738ES-MaACL20230906164945.0t|031216s1917 cl ||||1| spa d00aFiesta de la raza, 1492-1916 b: juegos florales organizados por la Colonia Española de Concepción (Chile) / cprólogo de Olegario Sáez Navarro. aConcepción (Chile) : b[s.n.], c1917 (fImp. José V. Soulodre) a339 p. ; c25 cm.8 aContiene: Cómo nacieron los juegos florales / por Bernardino Corral. Composiciones en verso. Medios prácticos de un acercamiento más estrecho entre España y la América española / por Luis Felipe Contardo. La colonización española según las leyes de Indias fue la más humanitaria / por Olegario Sáez. La colonización española según las leyes de Indias fue la más humanitaria / por Angel Clavero Navarro. Homenaje literario a la Reina de los juegos florales1 aCorral, Bernardino.9407061 aContardo, Luis Felipe.9402621 aClavero Navarro, Angel.9391340 aSáez Navarro, Olegario.9101381 aES-MaACLjF-950 c63738d63738 00104070aATENEOMbATENEOMcDEPO2d2008-01-17eSCl0oF-950p1066799r2023-02-23 00:00:00w2023-02-23yMONOGRAFIA